000 00399nam a22001577a 4500
003 MPLRDC
005 20220104144028.0
008 210129b ||||| |||| 00| 0 eng d
082 _a437.868 BLE
100 _aHEIKO BLEHER、山田洋合著
245 _a热带鱼, 皇冠七彩百科
_c
260 _a
_b博闻堂
_c1987
300 _b
650 _a观赏鱼养殖
942 _cBK
_o437.868 BLE
999 _c45689
_d45679